<?xml version="1.0" encoding="UTF-8"?>
<record
    xmlns:xsi="http://www.w3.org/2001/XMLSchema-instance"
    xsi:schemaLocation="http://www.loc.gov/MARC21/slim http://www.loc.gov/standards/marcxml/schema/MARC21slim.xsd"
    xmlns="http://www.loc.gov/MARC21/slim">

  <leader>00405nam a22001697a 4500</leader>
  <controlfield tag="003">SGT</controlfield>
  <datafield tag="020" ind1=" " ind2=" ">
    <subfield code="a">9789390281404</subfield>
  </datafield>
  <datafield tag="082" ind1=" " ind2=" ">
    <subfield code="a">612.64</subfield>
    <subfield code="b">I21D</subfield>
  </datafield>
  <datafield tag="100" ind1=" " ind2=" ">
    <subfield code="a">Devi, V. Subhadra</subfield>
  </datafield>
  <datafield tag="245" ind1=" " ind2=" ">
    <subfield code="a">Inderbir Singh's Human Embryology</subfield>
  </datafield>
  <datafield tag="250" ind1=" " ind2=" ">
    <subfield code="a">12th</subfield>
  </datafield>
  <datafield tag="260" ind1=" " ind2=" ">
    <subfield code="a">New Delhi, India</subfield>
    <subfield code="b">Jaypee Brothers</subfield>
    <subfield code="c">2021</subfield>
  </datafield>
  <datafield tag="300" ind1=" " ind2=" ">
    <subfield code="a">420</subfield>
  </datafield>
  <datafield tag="650" ind1=" " ind2=" ">
    <subfield code="a">Human Embryology</subfield>
  </datafield>
  <datafield tag="653" ind1=" " ind2=" ">
    <subfield code="a">Human Embryology</subfield>
  </datafield>
  <datafield tag="942" ind1=" " ind2=" ">
    <subfield code="2">ddc</subfield>
    <subfield code="c">BK</subfield>
    <subfield code="0">20</subfield>
  </datafield>
  <datafield tag="952" ind1=" " ind2=" ">
    <subfield code="0">0</subfield>
    <subfield code="1">0</subfield>
    <subfield code="2">ddc</subfield>
    <subfield code="4">0</subfield>
    <subfield code="7">0</subfield>
    <subfield code="a">FD</subfield>
    <subfield code="b">FD</subfield>
    <subfield code="d">2022-05-05</subfield>
    <subfield code="e">Ahuja Book Co. Pvt. Ltd.</subfield>
    <subfield code="g">950.00</subfield>
    <subfield code="i">SGTU</subfield>
    <subfield code="l">9</subfield>
    <subfield code="o">612.64 I21D</subfield>
    <subfield code="p">FD8601</subfield>
    <subfield code="r">2025-06-24 00:00:00</subfield>
    <subfield code="s">2025-06-24</subfield>
    <subfield code="w">2022-04-16</subfield>
    <subfield code="y">BK</subfield>
    <subfield code="k">14353</subfield>
  </datafield>
  <datafield tag="952" ind1=" " ind2=" ">
    <subfield code="0">0</subfield>
    <subfield code="1">0</subfield>
    <subfield code="2">ddc</subfield>
    <subfield code="4">0</subfield>
    <subfield code="7">0</subfield>
    <subfield code="a">FD</subfield>
    <subfield code="b">FD</subfield>
    <subfield code="d">2022-05-05</subfield>
    <subfield code="e">Ahuja Book Co. Pvt. Ltd.</subfield>
    <subfield code="g">950.00</subfield>
    <subfield code="i">SGTU</subfield>
    <subfield code="l">13</subfield>
    <subfield code="o">612.64 I21D</subfield>
    <subfield code="p">FD8602</subfield>
    <subfield code="r">2026-01-20 00:00:00</subfield>
    <subfield code="s">2026-01-06</subfield>
    <subfield code="w">2022-04-16</subfield>
    <subfield code="y">BK</subfield>
    <subfield code="k">14353</subfield>
  </datafield>
  <datafield tag="952" ind1=" " ind2=" ">
    <subfield code="0">0</subfield>
    <subfield code="1">0</subfield>
    <subfield code="2">ddc</subfield>
    <subfield code="4">0</subfield>
    <subfield code="7">0</subfield>
    <subfield code="a">FD</subfield>
    <subfield code="b">FD</subfield>
    <subfield code="d">2022-05-05</subfield>
    <subfield code="e">Ahuja Book Co. Pvt. Ltd.</subfield>
    <subfield code="g">950.00</subfield>
    <subfield code="i">SGTU</subfield>
    <subfield code="l">12</subfield>
    <subfield code="o">612.64 I21D</subfield>
    <subfield code="p">FD8603</subfield>
    <subfield code="r">2025-06-19 00:00:00</subfield>
    <subfield code="s">2025-06-19</subfield>
    <subfield code="w">2022-04-16</subfield>
    <subfield code="y">BK</subfield>
    <subfield code="k">14353</subfield>
  </datafield>
  <datafield tag="999" ind1=" " ind2=" ">
    <subfield code="c">22701</subfield>
    <subfield code="d">22701</subfield>
  </datafield>
</record>
